Speed Quiz: Capitals of Australia - Statistics

General Stats
  • This quiz has been taken 47 times
  • The average score is 5 of 8
Answer Stats
Answer % Correct
Brisbane
75%
Melbourne
75%
Perth
75%
Sydney
75%
Hobart
63%
Canberra
50%
Darwin
50%
Adelaide
38%
No matching quizzes found
Score Distribution
Percent of People with Each Score
Percentile by Number Answered
Your Score History
You have not taken this quiz